Keberkesanan zakat dalam mengatasi masalah kemiskinan di negeri Melaka /
Saved in:
| 主要作者: | |
|---|---|
| 格式: | Thesis 图书 |
| 语言: | Malay |
| 主题: | |
| 在线阅读: | http://studentsrepo.um.edu.my/id/eprint/1839 |
| 标签: |
添加标签
没有标签, 成为第一个标记此记录!
|
| LEADER | 01542cam a2200373 a 4500 | ||
|---|---|---|---|
| 001 | u523367 | ||
| 003 | SIRSI | ||
| 008 | 890821s2004 my t 00 1 may m | ||
| 035 | |a ADB-4290 | ||
| 040 | |a UMM |d UMA |e rda | ||
| 043 | |a a-my-me | ||
| 090 | |a BP42 |b A1 UM 2004 Fuaj | ||
| 094 | |a BP42 |b A1 UM 2004 Fuaj | ||
| 100 | 0 | 0 | |a Fuadah Johari |e author. |
| 245 | 1 | 0 | |a Keberkesanan zakat dalam mengatasi masalah kemiskinan di negeri Melaka / |c Fuadah Johari. |
| 264 | 1 | |c 2004. | |
| 264 | 4 | |c 2004. | |
| 300 | |a xvi, 152 [193] leaves : |b illustrations ; |c 30cm. | ||
| 336 | |a text |2 rdacontent | ||
| 337 | |a unmediated |2 rdamedia | ||
| 338 | |a volume |2 rdacarrier | ||
| 500 | |a Diselia oleh Ustazah Patmawati Hj. Ibrahim. | ||
| 500 | |a AIUM. | ||
| 502 | |a Dissertation (M.Syariah) -- Jabatan Syariah dan Ekonomi, Akademi Pengajian Islam, Universiti Malaya, 2004. | ||
| 504 | |a Bibliography: leaves [153-164]. | ||
| 650 | 0 | |a Zakat |x Melaka. | |
| 650 | 0 | |a Poverty |x Religious aspects |x Islam. | |
| 710 | 1 | 0 | |a Universiti Malaya. |b Akademi Pengajian Islam. |b Jabatan Syariah dan Ekonomi. |
| 856 | 4 | 1 | |u http://studentsrepo.um.edu.my/id/eprint/1839 |
| 948 | |a 31/05/2004 |b 17/08/2004 | ||
| 596 | |a 1 12 18 | ||
| 999 | |a BP42 A1 UM 2004 FUAJ |w LC |c 1 |i A511558906 |d 10/1/2016 |e 10/1/2016 |l STACKS |m P01UTAMA |n 23 |r Y |s Y |t TESIS |u 17/8/2004 | ||
| 999 | |a BP42 A1 UM 2004 FUAJ |w LC |c 1 |i A510937249 |l RESERVES |m P18ISLPURI |r Y |s Y |t TESIS |u 6/9/2004 | ||
| 999 | |a BP42 A1 UM 2004 FUAJ |w LC |c 1 |i A511462545 |d 7/5/2019 |e 7/5/2019 |f 17/1/2005 |g 1 |l STACKS |m P12ISLAMKL |n 3 |r Y |s Y |t TESIS |u 14/1/2005 | ||
